Andy Warhol / (Record no. 2177)

MARC details
000 -LEADER
fixed length control field 00893pam a2200277 a 4500
005 - DATE AND TIME OF LATEST TRANSACTION
control field 20231108130444.0
020 ## - INTERNATIONAL STANDARD BOOK NUMBER
International Standard Book Number 0516200534
020 ## - INTERNATIONAL STANDARD BOOK NUMBER
International Standard Book Number 9780516260754
040 ## - CATALOGING SOURCE
Original cataloging agency DLC
Transcribing agency DLC
Modifying agency DLC
Language of cataloging eng
050 00 - LIBRARY OF CONGRESS CALL NUMBER
Classification number N6537.W28
Item number V46 1996
082 00 - DEWEY DECIMAL CLASSIFICATION NUMBER
Classification number 700/.92
-- B
Edition number 20
100 1# - MAIN ENTRY--PERSONAL NAME
Personal name Venezia, Mike
245 10 - TITLE STATEMENT
Title Andy Warhol /
Statement of responsibility, etc. written and illustrated by Mike Venezia
260 ## - PUBLICATION, DISTRIBUTION, ETC.
Place of publication, distribution, etc. New York :
Name of publisher, distributor, etc. Children's Press,
Date of publication, distribution, etc. 1996
300 ## - PHYSICAL DESCRIPTION
Extent 32 pages :
Other physical details Illustrations
Dimensions 25 cm
490 1# - SERIES STATEMENT
Series statement Getting to know the world's greatest artists
505 ## - FORMATTED CONTENTS NOTE
Formatted contents note U
520 ## - SUMMARY, ETC.
Summary, etc. A simple biography of a man who helped develop Pop Art and made art fun for many people.
521 ## - TARGET AUDIENCE NOTE
Target audience note 900
Source Lexile estimate
521 ## - TARGET AUDIENCE NOTE
Target audience note U
Source Raz-Plus
650 #0 - SUBJECT ADDED ENTRY--TOPICAL TERM
Topical term or geographic name entry element Artists
Geographic subdivision United States
Form subdivision Biography
-- Juvenile literature.
650 #1 - SUBJECT ADDED ENTRY--TOPICAL TERM
Topical term or geographic name entry element Artists.
906 ## - LOCAL DATA ELEMENT F, LDF (RLIN)
a 7
b cbc
c orignew
d 1
e ocip
f 19
g y-gencatlg
942 ## - ADDED ENTRY ELEMENTS (KOHA)
Source of classification or shelving scheme Dewey Decimal Classification
Koha item type Books
Suppress in OPAC No
999 ## -
-- 2177
-- 2177
Holdings
Withdrawn status Lost status Source of classification or shelving scheme Damaged status Not for loan Collection Home library Current library Shelving location Date acquired Total Checkouts Full call number Barcode Date last seen Copy number Price effective from Koha item type
    Dewey Decimal Classification     Non-Fiction Footprints International School Library Network Toul Kork Campus Footprints International School Library Network Toul Kork Campus A TK Campus, 4th Floor, Room B401, Non-Fiction Bookcases(7-8) 11/08/2023   VEN 700/.92 N6537.W28 FISTK05599 11/08/2023 1 11/08/2023 Books
    Dewey Decimal Classification     Non-Fiction Footprints International School Library Network Toul Kork Campus Footprints International School Library Network Toul Kork Campus TTP Secondary Non-Fiction Bookshelves 11/08/2023   VEN 700/.92 N6537.W28 FISSE01666 12/10/2024 2 11/08/2023 Books